00474nam a22001577a 450000500170000000800410001702000180005804100130007608200150008910000250010424500670012925000200019626000440021630000310026065000250029120231101105354.0231101b |||||||| |||| 00| 0 eng d a9780409121759 aEnglish  a346.7 LEG  aFouche, MAlEnglish  aLegal Principles of Contracts and Commercial Law /cMA Fouche  aEighth Edition  aDurban : bLexisNexis (Pty) Ltd, c2015 bvii, 446 pages ; c25 cm.  aLegal practice bLaw